<?xml version="1.0" encoding="UTF-8"?>
<record
    xmlns:xsi="http://www.w3.org/2001/XMLSchema-instance"
    xsi:schemaLocation="http://www.loc.gov/MARC21/slim http://www.loc.gov/standards/marcxml/schema/MARC21slim.xsd"
    xmlns="http://www.loc.gov/MARC21/slim">

  <leader>01933nam a22002297a 4500</leader>
  <controlfield tag="003">OSt</controlfield>
  <controlfield tag="005">20250304180033.0</controlfield>
  <controlfield tag="008">250127b           ||||| |||| 00| 0 spa d</controlfield>
  <datafield tag="020" ind1=" " ind2=" ">
    <subfield code="a">9789588925394</subfield>
  </datafield>
  <datafield tag="040" ind1=" " ind2=" ">
    <subfield code="c">CO-MqBPB</subfield>
  </datafield>
  <datafield tag="082" ind1=" " ind2=" ">
    <subfield code="a">AN</subfield>
    <subfield code="b">SHEf</subfield>
  </datafield>
  <datafield tag="100" ind1="1" ind2=" ">
    <subfield code="a">Shelley, Mary Wollstonecraft</subfield>
    <subfield code="e">Autor</subfield>
  </datafield>
  <datafield tag="245" ind1=" " ind2=" ">
    <subfield code="a">Frankenstein o el moderno Prometeo/</subfield>
    <subfield code="c">Mary Wollstonecraft Shelley</subfield>
  </datafield>
  <datafield tag="264" ind1=" " ind2=" ">
    <subfield code="a">Bogot&#xE1;: </subfield>
    <subfield code="b">Peguin Ramdon House:</subfield>
    <subfield code="c">2023.</subfield>
  </datafield>
  <datafield tag="300" ind1=" " ind2=" ">
    <subfield code="a">328 paginas,</subfield>
    <subfield code="b">Tapa rustica</subfield>
    <subfield code="c">19 cm</subfield>
  </datafield>
  <datafield tag="490" ind1=" " ind2=" ">
    <subfield code="a">Peguin Cl&#xE1;sicos</subfield>
  </datafield>
  <datafield tag="521" ind1=" " ind2=" ">
    <subfield code="a">&#xAB;El mito de Frankenstein proyecta su espectacular sombra sobre las inmensas bibliotecas de la literatura y el cine occidental.&#xBB;
Alberto Manguel
En el verano de 1816, el poeta Percy B. Shelley y su esposa Mary se reunieron con Lord Byron y su m&#xE9;dico en una villa a orillas del lago Leman. A instancias de Lord Byron y para animar una velada tormentosa, decidieron que cada uno inventar&#xED;a una historia de fantasmas. La m&#xE1;s callada y reservada, Mary Shelley, dio vida as&#xED; a quien ser&#xED;a su personaje m&#xE1;s famoso: el doctor Frankenstein. Al cabo de un a&#xF1;o completar&#xED;a la novela.

La historia es de todos conocida: un cient&#xED;fico decide crear una criatura con vida propia a la que luego rechaza. Met&#xE1;fora sobre la vida, la libertad y el amor, Frankenstein o el moderno Prometeo es una maravillosa f&#xE1;bula con todos los ingredientes de los grandes mitos, un gran cl&#xE1;sico que ahora recuperamos con una nueva traducci&#xF3;n y precedido de un espl&#xE9;ndido estudio de Alberto Manguel sobre la influencia del mito en el imaginario del cine.

&#xAB;Cuando esos m&#xFA;sculos y esas articulaciones adquirieron la facultad de moverse, aquel ser se convirti&#xF3; en algo tan indescriptible que ni siquiera Dante habr&#xED;a sido capaz de concebir nada igual.&#xBB;</subfield>
  </datafield>
  <datafield tag="650" ind1=" " ind2=" ">
    <subfield code="2">Novela</subfield>
    <subfield code="z">Inglesa</subfield>
  </datafield>
  <datafield tag="650" ind1=" " ind2=" ">
    <subfield code="2">Literatura</subfield>
    <subfield code="v">Terror</subfield>
  </datafield>
  <datafield tag="700" ind1=" " ind2=" ">
    <subfield code="d">Introducci&#xF3;n: Alberto Manguel</subfield>
    <subfield code="e">Traducci&#xF3;n: Silvia Alemany</subfield>
  </datafield>
  <datafield tag="942" ind1=" " ind2=" ">
    <subfield code="2">ddc</subfield>
    <subfield code="c">BKLIT</subfield>
  </datafield>
  <datafield tag="999" ind1=" " ind2=" ">
    <subfield code="c">15777</subfield>
    <subfield code="d">15777</subfield>
  </datafield>
  <datafield tag="952" ind1=" " ind2=" ">
    <subfield code="0">0</subfield>
    <subfield code="1">0</subfield>
    <subfield code="2">ddc</subfield>
    <subfield code="4">0</subfield>
    <subfield code="7">0</subfield>
    <subfield code="8">LA</subfield>
    <subfield code="a">BPMOS</subfield>
    <subfield code="b">BPMOS</subfield>
    <subfield code="c">FIC</subfield>
    <subfield code="d">2025-01-27</subfield>
    <subfield code="e">Compra 2024</subfield>
    <subfield code="i">NT</subfield>
    <subfield code="l">1</subfield>
    <subfield code="o">AN SHEf</subfield>
    <subfield code="p">MOS504047</subfield>
    <subfield code="r">2025-11-07</subfield>
    <subfield code="s">2025-03-14</subfield>
    <subfield code="t">Ej. 1</subfield>
    <subfield code="w">2025-01-27</subfield>
    <subfield code="y">BKLIT</subfield>
    <subfield code="z">Quince dias</subfield>
  </datafield>
  <datafield tag="952" ind1=" " ind2=" ">
    <subfield code="0">0</subfield>
    <subfield code="1">0</subfield>
    <subfield code="2">ddc</subfield>
    <subfield code="4">0</subfield>
    <subfield code="7">0</subfield>
    <subfield code="8">LA</subfield>
    <subfield code="a">BPMOS</subfield>
    <subfield code="b">BPMOS</subfield>
    <subfield code="c">FIC</subfield>
    <subfield code="d">2025-01-27</subfield>
    <subfield code="e">Compra 2024</subfield>
    <subfield code="i">NT</subfield>
    <subfield code="l">1</subfield>
    <subfield code="m">1</subfield>
    <subfield code="o">AN SHEf</subfield>
    <subfield code="p">MOS504048</subfield>
    <subfield code="r">2026-03-02</subfield>
    <subfield code="s">2026-01-27</subfield>
    <subfield code="t">Ej. 2</subfield>
    <subfield code="w">2025-01-27</subfield>
    <subfield code="y">BKLIT</subfield>
    <subfield code="z">Quince dias</subfield>
  </datafield>
</record>
